فهرس سنن النسائي المسمى فتح المغيث / (رقم التسجيلة. 59002)

تفاصيل مارك
000 -LEADER
fixed length control field 00630nam a22002057a 4500
005 - DATE AND TIME OF LATEST TRANSACTION
control field 20251108171207.0
008 - FIXED-LENGTH DATA ELEMENTS--GENERAL INFORMATION
fixed length control field 250721s1991 xx 000 0 ara d
082 14 - DEWEY DECIMAL CLASSIFICATION NUMBER
Classification number م/213.4/محم
100 1# - MAIN ENTRY--PERSONAL NAME
Personal name الشبراوي، محمد أيمن
245 10 - TITLE STATEMENT
Title فهرس سنن النسائي المسمى فتح المغيث /
246 13 - VARYING FORM OF TITLE
Title proper/short title سنن النسائي
264 1# - PRODUCTION, PUBLICATION, DISTRIBUTION, MANUFACTURE, AND COPYRIGHT NOTICE
Place of production, publication, distribution, manufacture بيروت :
Name of producer, publisher, distributor, manufacturer دار الجيل،
Date of production, publication, distribution, manufacture, or copyright notice 1991.
300 ## - PHYSICAL DESCRIPTION
Extent 687ص
650 17 - SUBJECT ADDED ENTRY--TOPICAL TERM
Topical term or geographic name as entry element الإسلام
650 17 - SUBJECT ADDED ENTRY--TOPICAL TERM
Topical term or geographic name as entry element الحديث الشريف
650 17 - SUBJECT ADDED ENTRY--TOPICAL TERM
Topical term or geographic name as entry element الفهارس
700 1# - ADDED ENTRY--PERSONAL NAME
Personal name النسائي، أحمد بن شعيب
942 ## - ADDED ENTRY ELEMENTS (KOHA)
Source of classification or shelving scheme Dewey Decimal Classification
Koha item type مراجع
المقتنيات
حالة السحب حالة الفقدان مصدر التصنيف حالة التلف غير قابل للإعارة المكتبة الرئيسية المكتبة الحالية موقع الرف تاريخ التزويد الرقم المتسلسل Total Checkouts رقم الإستدعاء الباركود تاريخ آخر ظهور تاريخ الفاتورة نوع المادة (كوها)
    Dewey Decimal Classification   Not For Loan مكتبة أم قصير والمقابلين العامة مكتبة أم قصير والمقابلين العامة مراجع 23/11/2014 [ 1216 ]   م/213.4/محم PLD00363799 28/07/2025 23/11/2014 مراجع
Implemented & Customized by: BBB with SCIT (Smart Chains for Information Technology)

Powered by Koha